| 000 | 01808cam a22003011i 4500 | ||
|---|---|---|---|
| 003 | SA-RiAUC | ||
| 005 | 20240914143842.0 | ||
| 008 | 240910s2005 su g 000 0 ara c | ||
| 040 |
_aSA-RiIMS _bara _cSA-RiAUC _erda |
||
| 082 | 0 | 4 |
_a221.2 _qSA-RiAUC _bج ل ا |
| 100 | 1 |
_aالجلال السيوطي، عبد الرحمن بن أبي بكر بن محمد، _d849-911 هجري _eمؤلف. |
|
| 245 | 1 | 0 |
_aمراصد المطالع في تناسب المقاطع والمطالع : _bبحث في العلاقات بين مطالع سور القرآن وخواتيمها / _cتأليف الحافظ جلال الدين السيوطي ؛ حققه وقرأه وتممه عبد المحسن بن عبد العزيز العسكر. |
| 250 | _aالطبعة الأولى. | ||
| 264 | 1 |
_aالرياض : _bمكتبة دار المنهاج، _c2005 |
|
| 264 | 2 |
_aمصر : _bدار السلام للطباعة والنشر والتوزيع والترجمة |
|
| 300 |
_a96 صفحة ؛ _c24 سم. |
||
| 336 |
_aنص _btxt _2rdacontent _3كتاب |
||
| 337 |
_aبدون وسيط _bn _2rdamedia |
||
| 338 |
_aمجلد _bnc _2rdacarrier |
||
| 490 | 0 |
_aمنشورات مكتبة دار المنهاج للنشر والتوزيع ؛ _v21 |
|
| 563 | _aتجليد شمواه. | ||
| 630 | 2 | 7 |
_aالقرآن _xسور وآيات _2aucut |
| 700 | 1 |
_aالعسكر، عبد المحسن بن عبد العزيز _eمحقق. |
|
| 700 | 1 | 2 |
_iتحقيق لـ (عمل) : _aالجلال السيوطي، عبد الرحمن بن أبي بكر بن محمد، _d849-911 هجري. _tمراصد المطالع في تناسب المقاطع والمطالع : بحث في العلاقات بين مطالع سور القرآن وخواتيمها. |
| 730 | 2 | 2 | _aالقرآن |
| 942 |
_2ddc _cBOOK |
||
| 949 |
_aSA-JeALM _d240910 _umohamedma123 _n1 |
||
| 999 |
_c186 _d186 |
||